• 首页
  • 本馆介绍
  • 公告通知
  • 最新文献
  • 馆藏检索
  • 电子资源
  • 读者导购
  • 参考咨询
  • 我的图书馆
  • 登录
  • 详细信息显示
  • 放入我的书架
  • 预约/预借图书
  • 作者相关作品
  • 分类相关作品
  • 丛书相关作品
  • 出版社相关作品

书目信息

  • 表格格式
  • 工作单格式
  • 卡片格式
题名:
从三国史到《三国演义》
    
 
作者: 符丽平 著
分册:  
出版信息: 成都   四川科学技术出版社  2016
页数: 251页
开本: 24cm
丛书名:
单 册:
中图分类: K236.07 , I207.413
科图分类:
主题词: 中国历史--zhong guo li shi--研究--三国时代 , 《三国演义》研究--san guo yan yi yan jiu
电子资源:
ISBN: 978-7-5364-8314-9
000 01005nam0 22002651 450
001 1752558516
005 20170602161249.0
010    @a978-7-5364-8314-9@dCNY45.00
100    @a20160526d2016 em y0chiy50 ea
101 0  @achi
102    @aCN@b510000
105    @ay z 000yy
106    @ar
200 1  @a从三国史到《三国演义》@Acong san guo shi dao san guo yan yi@f符丽平著
210    @a成都@c四川科学技术出版社@d2016
215    @a251页@d24cm
300    @a二〇一四年成都哲学社会科学规划项目资助 成都武侯祠博物馆资助
330    @a本书共分十二章,内容包括:《三国演义》的成书、《三国志》与《三国演义》关系考、刘蜀集团人物、曹魏集团人物、孙吴集团人物、其他人物、官渡之战、赤壁之战、夷陵之战、诸葛南征等。
606 0  @a中国历史@Azhong guo li shi@x研究@z三国时代
606 0  @a《三国演义》研究@Asan guo yan yi yan jiu
690    @aK236.07@v5
690    @aI207.413@v5
701  0 @a符丽平@Afu li ping@c(女,@f1978~)@4著
801  0 @aCN@bTANG WEI@c20170531
905    @b0971478-82@dK236.07@e86@f5
    
    从三国史到《三国演义》/符丽平著 .-成都:四川科学技术出版社,2016
    251页;24cm
    二〇一四年成都哲学社会科学规划项目资助 成都武侯祠博物馆资助
    
    ISBN 978-7-5364-8314-9:CNY45.00
    本书共分十二章,内容包括:《三国演义》的成书、《三国志》与《三国演义》关系考、刘蜀集团人物、曹魏集团人物、孙吴集团人物、其他人物、官渡之战、赤壁之战、夷陵之战、诸葛南征等。
●
相关链接 在E读中查询图书 在五车中查询图书 在当当中查询图书 在豆瓣中查询图书


正题名:从三国史到《三国演义》     索取号:K236.07/86         预约/预借

序号 登录号 条形码 馆藏地/架位号 状态 备注
1 0971478   209714781   第二样本阅览室/ [索取号:K236.07/86] 在馆    
2 0971479   209714790   第二借阅区/ [索取号:K236.07/86] 在馆    
3 0971480   209714807   第二借阅区/ [索取号:K236.07/86] 在馆    
4 0971481   209714816   第二借阅区/ [索取号:K236.07/86] 在馆    
5 0971482   209714825   第二借阅区/ [索取号:K236.07/86] 在馆    
唐山师范学院图书馆 欢迎您!
大连网信软件有限公司© 版权所有